00820nam a22001817a 4500003000900000008004100009040007100050082002000121100003500141245007800176260005300254300002800307440003500335505020100370650002000571650002100591650002600612AR-CdUCM190527b ||||| |||| 00| 0 spa d aMUNICIPALIDAD PROVINCIAL DEL CUSCOcBIBLIOTECA MUNICIPAL DEL CUSCO a349.8084 /bO88 aOts Capdequí, José María aEspaña en América :bel régimen de tierras en la época colonial / aMéxico :bFondo de Cultura Económica,c1959. a145 páginas ;c22 cm. aSección de obras de historia aContenido: Los títulos originarios para adquirir el dominio privado de las tierras: capitulaciones y reparticiones -- Los títulos originarios para adquirir el dominio privado de las tierras... aDerecho indiano aAmérica Latina aTenencia de la tierra